| 000 | 00503ntaaa2200193 4500 | ||
|---|---|---|---|
| 003 | 01 | ||
| 005 | 20251027202347.0 | ||
| 008 | 0714s1973 ag 01 | ||
| 040 |
_aAR-BaBN _bspa _cAR-BaBN _eaacr _dRIC |
||
| 082 | _a282.0000 Ar4 | ||
| 100 | _aArintero, Juan G | ||
| 245 | _aCuestiones mÃsticas | ||
| 250 | _a1 ed. | ||
| 260 |
_aMadrid : _bBiblioteca de Autores Cristianos, _cc1956 |
||
| 300 | _alvi, 690 p | ||
| 650 | _amisticismo-catolicismo | ||
| 650 |
_acatolicismo-misticismo _914802 |
||
| 942 | _cBK | ||
| 999 |
_c18480 _d18480 |
||